توقعات الأبراج والعالم 2003 / (رقم التسجيلة. 78559)

تفاصيل مارك
000 -LEADER
fixed length control field 00479nam a22001697a 4500
005 - DATE AND TIME OF LATEST TRANSACTION
control field 20251108172416.0
008 - FIXED-LENGTH DATA ELEMENTS--GENERAL INFORMATION
fixed length control field 250721s2003 xx 000 0 ara d
082 14 - DEWEY DECIMAL CLASSIFICATION NUMBER
Classification number 133.5/شما
100 1# - MAIN ENTRY--PERSONAL NAME
Personal name شماس، كارمن قديح
Relator term مؤلف
245 10 - TITLE STATEMENT
Title توقعات الأبراج والعالم 2003 /
264 1# - PRODUCTION, PUBLICATION, DISTRIBUTION, MANUFACTURE, AND COPYRIGHT NOTICE
Place of production, publication, distribution, manufacture بيروت :
Name of producer, publisher, distributor, manufacturer سكول برس،
Date of production, publication, distribution, manufacture, or copyright notice 2003.
300 ## - PHYSICAL DESCRIPTION
Extent 439ص.
650 17 - SUBJECT ADDED ENTRY--TOPICAL TERM
Topical term or geographic name as entry element الأبراج
650 17 - SUBJECT ADDED ENTRY--TOPICAL TERM
Topical term or geographic name as entry element التنبؤات
942 ## - ADDED ENTRY ELEMENTS (KOHA)
Source of classification or shelving scheme Dewey Decimal Classification
Koha item type كتب
المقتنيات
حالة السحب حالة الفقدان مصدر التصنيف حالة التلف غير قابل للإعارة المكتبة الرئيسية المكتبة الحالية موقع الرف تاريخ التزويد الرقم المتسلسل Total Checkouts رقم الإستدعاء الباركود تاريخ آخر ظهور تاريخ الفاتورة نوع المادة (كوها)
    Dewey Decimal Classification     مكتبة أبو علندا العامة مكتبة أبو علندا العامة الإعارة 28/12/2008 574451   133.5/شما PLD00059818 28/07/2025 28/12/2008 كتب
    Dewey Decimal Classification Unchecked   مكتبة الحسن العامة مكتبة الحسن العامة الإعارة 28/07/2025 574447   133.5/شما   28/07/2025 28/07/2025 كتب
    Dewey Decimal Classification   Not For Loan مكتبة حمزة العامة مكتبة حمزة العامة الإعارة 28/07/2025 574450   133.5/شما 574450 28/07/2025 28/07/2025 كتب
Implemented & Customized by: BBB with SCIT (Smart Chains for Information Technology)

Powered by Koha